00751nam a2200205 a 450000100100000000500170001000800410002702000150006804000250008308200150010810000370012324500410016026000340020130000280023549000250026358600370028850001250032550000700045083000250052000004247220201002040158.0131204s1981 sp a r 000 0 spa d a847223326X aDO-SdBNPbspacBNPHU axxxxbxxxx1 aMuñoz Puelles, Vicente,d1948-10aAnacaona /cVicente Muñoz Puelles. aBarcelona :bTusquets,c1981. a205 p. :bil. ;c20 cm.1 aSonrisa verticalv26 aPremio La Sonrisa Vertical, 1980 aIlustraciones provenientes de la edición de 1851 del libro de Washington Irving, Vida y viajes de Cristóbal Colón. aIncluye datos biográficos del autor en la solapa de la cubierta 0aSonrisa verticaln26